| 000 | 005260000a22001810004500 | ||
|---|---|---|---|
| 020 | _a84-7057-248-2 | ||
| 041 | 0 | _aSPA | |
| 082 | 0 | 4 | _aG 282.2 M244g |
| 100 | 1 | _aMaldonado, Luis (1860-1926) | |
| 245 | 1 | 0 | _aGénesis del catolicismo popular : El inconsciente colectivo de un proceso historico / Luis Maldonado |
| 260 | _aMadrid, España : Cristiandad | ||
| 300 | _a223 Pag | ||
| 001 | 8718 | ||
| 942 | _cBK | ||
| 999 |
_c38842 _d38842 |
||
| 336 |
_atexto _btxt _2rdacontent |
||
| 337 |
_2rdamedia _asin mediación _bn |
||
| 338 |
_2rdacarrier _avolumen _bnc |
||